00903nam a2200265 u 450000100070000000500170000700800410002403500110006504000130007604100080008908200080009710000430010524501560014826000430030430000140034765000400036165000390040165000310044065000490047165000340052065000280055470000350058250200120061752600080062988077720260506152610.0040701s2004 ||||||m| spa  a880777 ccomduadb aspa 4a65810aLopez Posada, Carlos Alberto4auteaut13aDiagnostico del sistema de comunicacion entre las directivas y profesores de la Escuela de comunicacion audiovisual del Politecnico Jaime Isaza Cadavid aMedellín :b[sin publicador],c2004. a111 hojas 7aComunicación organizacional2lemb aComunicación de la información aSistemas de comunicación aPolitécnico Colombiano Jaime Isaza Cadavid aTeoría de la comunicación aPensamiento sistémico10aMoreno Velez, Gloria4thseths b336c13 a315